| 000 | 00869cam a2200241 4500 | ||
|---|---|---|---|
| 008 | 090401t1992 xxu||||| |||| 00| 0 eng d | ||
| 020 | _a0117526894 | ||
| 035 | _a(Sirsi) u61800 | ||
| 041 | _aeng | ||
| 050 | _a711.4 | ||
| 110 |
_aUnited Kingdom _bDepartment of the Environment _9982 |
||
| 245 | _aDevelopment plans: a good practice guide. | ||
| 260 |
_aLondon _bHMSO _c1992 |
||
| 300 | _axvii,120p. ; 30cm. | ||
| 350 | _a22 | ||
| 520 | _aThe guide, which was prepared by Arup Economics & Planning and CR Planning , provides practical advice to local authorities currently preparing development plans. Uses examples from existing plans that are considered to be good practice. | ||
| 650 | _aARUP ECONOMICS AND PLANNING | ||
| 650 | _aCR PLANNING | ||
| 650 | _aDEVELOPMENT PLANS | ||
| 690 | _aPLANNING LAW AND PRACTICE | ||
| 942 | _n0 | ||
| 948 | _c04/03/1997 | ||
| 999 |
_c94352 _d94352 |
||